Aritmética racional
Saved in:
| Hovedforfatter: | |
|---|---|
| Format: | Bog |
| Sprog: | spansk |
| Udgivet: |
Montevideo
A. Barreiro y Ramos
1932
|
| Udgivelse: | 2a. ed |
| Serier: | Biblioteca Didáctica de Matemáticas Elementales
|
| Fag: | |
| Tags: |
Tilføj Tag
Ingen Tags, Vær først til at tagge denne postø!
|
MARC
| LEADER | 00000nam a2200000 a 4500 | ||
|---|---|---|---|
| 001 | UCT2265 | ||
| 003 | CL-VaPUC | ||
| 008 | 961011e19320000UY |||||||||||||||||spa|d | ||
| 082 | 0 | 4 | |a 513 |b REY |2 21 |
| 100 | 0 | |a Rey Pastor, Julio |e author |9 371321 | |
| 245 | 1 | 0 | |a Aritmética racional |
| 250 | |a 2a. ed | ||
| 300 | |a v | ||
| 942 | |c BK | ||
| 945 | |d 19961011 00:00:00 |a cmena | ||
| 260 | |a Montevideo |b A. Barreiro y Ramos |c 1932 | ||
| 650 | 0 | |a Aritmética |9 270049 | |
| 650 | 0 | |a Teoría de números |9 265327 | |
| 650 | 0 | |a Matemática |9 260235 | |
| 650 | 0 | |a Análisis numérico |9 259387 | |
| 650 | 0 | |a Adición (suma) |9 343634 | |
| 650 | 7 | |a DIVISION |2 CL-VaPUC |9 343637 | |
| 650 | 7 | |a MULTIPLICACION |2 CL-VaPUC |9 343636 | |
| 650 | 7 | |a SUBSTRACCION |2 CL-VaPUC |9 343635 | |
| 650 | 7 | |a FUNCIONES ARITMETICAS |2 CL-VaPUC |9 371322 | |
| 650 | 0 | |a Números enteros |9 357374 | |
| 583 | |a last modification |c 20190801 07:23:06 |k Rodrigo Vera | ||
| 490 | 0 | |a Biblioteca Didáctica de Matemáticas Elementales | |
| 999 | |c 252447 |d 252445 | ||
| 952 | |0 0 |1 0 |4 0 |6 513_000000000000000_REY_1932 |7 0 |8 A |9 272321 |a BIBCUR |b BIBCUR |d 2019-11-19 |h v.2 |i 1762737 |o 513 REY 1932 |p 1762737 |r 2025-04-22 |w 2019-11-19 |y BK |k BCB | ||